Score 0/13 Timer 03:00
1 Play Today
Scrambled Word Unscrambled Word % Correct
CKKIKick
98%
SBHUBush
94.7%
NOIRIron
90.7%
HICARChair
89%
HELWEWheel
88.7%
FKEINKnife
73.2%
SEKSISKisses
61.3%
RESOLVLovers
57.5%
OTERKSStroke
48.4%
MEADMAMadame
47%
FEETFCEffect
39.5%
CHONRAMMonarch
36.2%
Word in common with all of the above:Butterfly
27.7%
Remove Ads.
Support Sporcle.
Get the best of Sporcle when you Go Orange. This ad-free experience offers more features, more stats, and more fun while also helping to support Sporcle. Thank you for becoming a member.

You're not logged in!

Compare scores with friends on all Sporcle quizzes.
OR
Log In

Show Comments

Extras

Top Quizzes Today


Score Distribution

Your Account Isn't Verified!

In order to create a playlist on Sporcle, you need to verify the email address you used during registration. Go to your Sporcle Settings to finish the process.

Report this User

Report this user for behavior that violates our Community Guidelines.

Details: